Les carrés parfaits de 1 à 25 - Statistiques

Statistiques générales
  • Ce quiz a été pris 2 878 fois
  • Le résultat moyen est 19 sur 25
Statistiques - réponses
Nombre Carré % Correct
1 1
100%
2 4
99%
3 9
99%
4 16
98%
5 25
98%
6 36
98%
10 100
97%
7 49
97%
9 81
97%
8 64
96%
11 121
94%
12 144
90%
13 169
83%
15 225
76%
14 196
75%
20 400
67%
16 256
64%
17 289
59%
18 324
55%
19 361
53%
21 441
51%
25 625
46%
22 484
45%
23 529
40%
24 576
38%
Aucun quiz correspondant
Distribution des résultats
% des personnes avec chaque résultat
Percentile par nombre de réponses
Votre historique - résultats
Vous n’avez pas pris ce quiz